World Capitals ending with same three letters - Statistics

General Stats
  • This quiz has been taken 3,524 times
    2,025 since last reset
  • The average score is 26 of 45
Answer Stats
Hint Answer % Correct
...lin Berlin
82%
...ity Mexico City
79%
...sau Nassau
79%
...own Georgetown
78%
...ila Manila
77%
...ity Panama City
76%
...est Budapest
75%
...ity Guatemala City
75%
...est Bucharest
74%
...bat Rabat
71%
...ton Kingston
69%
...own Freetown
67%
...own Kingstown
67%
...ome Rome
66%
...ity Kuwait City
65%
...ome Lomé
64%
...ity Vatican City
64%
...own Cape Town
63%
...ara Ankara
63%
...ton Washington (D.C.)
63%
...bat Ashgabat
60%
...own Bridgetown
60%
...lin Dublin
60%
...sau Bissau
59%
...ton Wellington
59%
...lle Libreville
58%
...awa South Tarawa
58%
...lle Brazzaville
56%
...uti Funafuti
56%
...uti Djibouti
55%
...awa Ottawa
54%
...ana Astana
51%
...aka Dhaka
51%
...ane Mbabane
50%
...aka Lusaka
45%
...ara Asmara
43%
...ome São Tomé
43%
...ana Havana
42%
...ara Honiara
40%
...ana Tirana
40%
...ane Vientiane
37%
...ria Pretoria
36%
...ana Ljubljana
32%
...ila Port Vila
32%
...ria Victoria
27%
No matching quizzes found
Score Distribution
Percent of People with Each Score
Percentile by Number Answered
Your Score History
You have not taken this quiz since the last reset